Santo Agosthino - De musica (Record no. 601384)

000 -CABECERA
Campo de control de longitud fija 00464nab a2200145Ia 4500
003 - IDENTIFICADOR DEL NÚMERO DE CONTROL
Campo de control ES-SlBCS
005 - FECHA Y HORA DE LA ÚLTIMA TRANSACCIÓN
Campo de control 20210601133736.0
008 - CÓDIGOS DE INFORMACIÓN DE LONGITUD FIJA
Campo de control de longitud fija 140529s2001 xxu||||| |||| 00| 0 por d
041 ## - CÓDIGO DE LENGUA
Código de lengua del texto/banda sonora o título independiente por
100 1# - PUNTO DE ACCESO PRINCIPAL-NOMBRE DE PERSONA
Nombre de persona Amato, Rita de Cassia Fucci
9 (RLIN) 209038
245 00 - MENCIÓN DE TÍTULO
Título Santo Agosthino - De musica
Mención de responsabilidad, etc. Rita de Cassia Fucci Amato
600 04 - PUNTO DE ACCESO ADICIONAL DE MATERIA-NOMBRE DE PERSONA
Nombre personal Agustín de Hipona-De Musica
9 (RLIN) 209039
773 0# - ENLACE AL DOCUMENTO FUENTE
Título Educaçao e Filosofia
Parte(s) relacionada(s) vol. 15, nº. 30, 2001, págs. 131-163
Número de control del registro relacionado Rev1534
942 ## - ENTRADA DE ELEMENTOS AGREGADOS (KOHA)
Koha [por defecto] tipo de item Artículos de revista
Holdings
Suprimido Perdido Estropeado No para préstamo Localización permanente Localización actual Localización en estantería Fecha adquisición Préstamos totales Fecha última consulta Fecha del precio de reemplazo Tipo de item de Koha
        San Esteban San Esteban Depósito de revistas 11/07/2014   11/07/2014 11/07/2014 Artículos de revista

Bibliotecas Dominicos Provincia Hispania, 2016

Con tecnología Koha